40 Landmarks: The Great Plains Quiz Stats

 Plays Quiz not verified by Sporcle

Score 0/40 Timer 10:00
0 Plays Today
% Correct
Mount Rushmore, Keystone
75%
Memorial Stadium, The University of Nebraska–Lincoln, Lincoln
50%
Oklahoma Memorial Stadium, The University of Oklahoma, Norman
48.1%
Nebraska State Capitol, Lincoln
34.6%
Oklahoma State Capitol, Oklahoma City
30.8%
North Dakota State Capitol, Bismarck
28.8%
Kansas State Capitol, Topeka
26.9%
Oklahoma City National Memorial, Oklahoma City
25%
South Dakota State Capitol, Pierre
25%
Fort Union Trading Post, Williston
19.2%
Kansas Speedway, Kansas City
19.2%
Devon Energy Center, Oklahoma City
17.3%
Nebraska Governor's Mansion, Lincoln
17.3%
The Desert Dome, Omaha's Henry Doorly Zoo & Aquarium, Omaha
17.3%
DakotaDome, The University of South Dakota, Vermillion
15.4%
Warren Buffett's Home, Omaha
13.5%
The Pioneer Woman, Ponca City
13.5%
The Eisenhower Home, Abilene
11.5%
The Golden Driller, Tulsa
11.5%
The Former North Dakota Executive Mansion, Bismarck
9.6%
% Correct
First National Bank Tower, Omaha
9.6%
Bob Kerrey Pedestrian Bridge, Omaha
9.6%
KVLY-TV Mast, Galesburg
9.6%
The Old Courthouse Museum, Sioux Falls
9.6%
The Philbrook Museum of Art, Tulsa
7.7%
Children's Mercy Park, Kansas City
7.7%
The Sheldon Museum of Art, Lincoln
7.7%
North Dakota Heritage Center & State Museum, Bismarck
5.8%
The Prayer Tower, Oral Roberts University, Tulsa
5.8%
Exploration Place, Wichita
5.8%
The Cathedral of the Holy Spirit, Bismarck
5.8%
Founders Tower, Oklahoma City
5.8%
Chapel in the Hills, Rapid City
5.8%
Skydance Bridge, Oklahoma City
3.8%
Appeal to the Great Spirit, Woodward Park, Tulsa
3.8%
Cedar Crest, Topeka
3.8%
Coughlin Campanile, South Dakota State University, Brookings
3.8%
Boston Avenue Methodist Church, Tulsa
3.8%
Chase County Courthouse, Cottonwood Falls
3.8%
Joslyn Castle, Omaha
1.9%

You're not logged in!

Compare scores with friends on all Sporcle quizzes.
OR
Log In

Sporcle TV

Today on Sporcle TV


Watch our educational content, quiz creation guides, and fun videos on Sporcle TV.

Show Comments

Extras

Top Quizzes Today


Score Distribution

Your Account Isn't Verified!

In order to create a playlist on Sporcle, you need to verify the email address you used during registration. Go to your Sporcle Settings to finish the process.

Report this User

Report this user for behavior that violates our Community Guidelines.

Details: